000 00480cam a22001457a 4500
008 180718b2003 xxu||||| |||| 00| 0 eng d
082 _aT471x54 R812
100 _aPradhan, Basanta K.
245 _aHousehold savings and investment behaviour in India
_cby Basanta K. Pradhan... [et.al]
260 _aMumbai
_bEPW Research Foundation
_c2003
300 _a238p.
650 _aCorporations --India --Finance
650 _aInvestments, Foreign --India
650 _aInvestments --India
999 _c405142
_d405142